Statistiques concernant Pyramide des aliments

Cliquez ici pour prendre le quiz!

Statistiques générales

  • Ce quiz a été pris 137 fois
  • Le résultat moyen est 7 sur 9

Statistiques - réponses

FréquenceAliments% Correct
5 fois par jourLégumes
99%
5 fois par jourFruits
98%
À volontéEau
93%
À limiterSucre
89%
1 fois par jourViande
79%
À chaque repasFéculents
69%
À limiterMatiéres grasses
69%
1 fois par jourPoisson
64%
3 fois par jourProduits laitiers
54%

Distribution des résultats

Percentile par nombre de réponses

% des personnes avec chaque résultat

Votre développement - résultats

Vous n’avez pas pris ce quiz